| 000 | 01393nam a2200277Ia 4500 | ||
|---|---|---|---|
| 999 |
_c38650 _d38650 |
||
| 001 | 4872 | ||
| 003 | GE_BSU | ||
| 005 | 20190815115117.0 | ||
| 008 | 181216s2003||||ge |||||||||||||| ||geo|| | ||
| 040 | _cGE_BSU | ||
| 041 | _ageo | ||
| 080 | _a910.4(479.223)+910.4(560)+913(479)(036) ვ-29 | ||
| 100 |
_aვეიდენბაუმი, ევგენი _93612 |
||
| 245 |
_aბათუმიდან ართვინამდე : _b(მგზავრის ჩანაწერები) / _cევგენი ვეიდენბაუმი ; მთარგმ. : მზია ჩხაიძე და გოჩა საითიძე. |
||
| 264 |
_aთბილისი : _bარტანუჯი ; _c2003. |
||
| 300 |
_a96 გვ. : _bსურათ. ; _c20 სმ. |
||
| 541 | _h4ლ.50თ. | ||
| 653 | _aბათუმიდან ართვინამდე | ||
| 653 | _aმგზავრის ჩანაწერები | ||
| 653 | _aმოგზაურობა თურქეთში | ||
| 653 | _aკავკასიის გზამკვლევი | ||
| 653 | _aმოგზაურობა საქართველოში | ||
| 700 |
_a ჩხაიძე, მზია _eმთარგმნელი _93613 |
||
| 700 |
_aსაითიძე, გოჩა _eმთარგმნელი _93614 |
||
| 942 |
_cBK _2udc |
||